Vydanie predpisov IFRS na rok 2010 a ďalšie obdobia

Saved in:
Bibliographic Details
Main Author: Tumpach, Miloš, 1970-
Format: Book Chapter
Language:Slovak
Subjects:
Tags: Add Tag
No Tags, Be the first to tag this record!

MARC

LEADER 00000nla$a2200000$$$4500
001 0128678
005 20240502072456.8
041 0 |a slo 
044 |a SK 
245 1 0 |a Vydanie predpisov IFRS na rok 2010 a ďalšie obdobia  |c Miloš Tumpach 
610 2 0 |a štandardy účtovné medzinárodné 
610 2 0 |a IFRS 
100 1 |a Tumpach, Miloš, 1970-